ARRUPE JESUIT UNIVERSITY

CORONAVIRUS -STOP THE SPREAD - CLEAN,DISINFECT,COVER

Messages : (Record no. 118252)

MARC details
000 -LEADER
fixed length control field 00898cam a2200289 a 4500
001 - CONTROL NUMBER
control field 3332057
003 - CONTROL NUMBER IDENTIFIER
control field ARRUPE
005 - DATE AND TIME OF LATEST TRANSACTION
control field 20131007134050.0
008 - FIXED-LENGTH DATA ELEMENTS--GENERAL INFORMATION
fixed length control field 850510s1985 mau j 001 0 eng
010 ## - LIBRARY OF CONGRESS CONTROL NUMBER
LC control number 85010326
020 ## - INTERNATIONAL STANDARD BOOK NUMBER
International Standard Book Number 057113646X
020 ## - INTERNATIONAL STANDARD BOOK NUMBER
International Standard Book Number 0571136478 (pbk.)
040 ## - CATALOGING SOURCE
Original cataloging agency DLC
Transcribing agency DLC
Modifying agency DLC
042 ## - AUTHENTICATION CODE
Authentication code lcac
050 00 - LIBRARY OF CONGRESS CALL NUMBER
Classification number PN6109.97
Item number .M47 1985
300 ## - PHYSICAL DESCRIPTION
Dimensions 21 cm.
100 ## - MAIN ENTRY--PERSONAL NAME
Personal name Lewis, Naomi
9 (RLIN) 2132
245 00 - TITLE STATEMENT
Title Messages :
Remainder of title a book of poems /
Statement of responsibility, etc compiled by Naomi Lewis.
260 ## - PUBLICATION, DISTRIBUTION, ETC. (IMPRINT)
Place of publication, distribution, etc London ;
-- Boston :
Name of publisher, distributor, etc Faber and Faber,
Date of publication, distribution, etc 1985.
300 ## - PHYSICAL DESCRIPTION
Extent 255 p. ;
500 ## - GENERAL NOTE
General note Includes indexes.
520 ## - SUMMARY, ETC.
Summary, etc An anthology of poetry, old and new, by a variety of poets from all over the world.
650 #0 - SUBJECT ADDED ENTRY--TOPICAL TERM
Topical term or geographic name as entry element Children's poetry.
9 (RLIN) 2133
650 #1 - SUBJECT ADDED ENTRY--TOPICAL TERM
Topical term or geographic name as entry element Poetry
General subdivision Collections.
9 (RLIN) 2134
700 1# - ADDED ENTRY--PERSONAL NAME
Personal name Lewis, Naomi.
9 (RLIN) 2135
906 ## - LOCAL DATA ELEMENT F, LDF (RLIN)
a 7
b cbc
c orignew
d 1
e ocip
f 19
g y-gencatlg
942 ## - ADDED ENTRY ELEMENTS (KOHA)
Source of classification or shelving scheme Library of Congress Classification
Koha item type Monograph ( Printed materials)
Holdings
Withdrawn status Lost status Source of classification or shelving scheme Damaged status Not for loan Collection code Home library Current library Shelving location Date acquired Total Checkouts Full call number Barcode Date last seen Price effective from Koha item type
    Library of Congress Classification     Main Collection ARRUPE LIBRARY ARRUPE LIBRARY Main Collection 07/10/2013   PN6109.97 .M47 1985 46410816 27/03/2019 07/10/2013 Monograph ( Printed materials)

 

Arrupe Library. PO Box MP320 Mt Pleasant, Harare, Zimbabwe
263 242 745411|librarian@aju.ac.zw